Things that are Chinese - Statistics

General Stats
  • This quiz has been taken 41 times
  • The average score is 7 of 13
Answer Stats
Picture Answer % Correct
Giant Panda
100%
The Great Wall of China
94%
Kung Fu
84%
Red Panda
84%
Forbidden City
59%
Terracotta army
59%
Dumplings
56%
Bamboo
41%
Ibis
34%
Dugong
31%
Yangtze River
22%
Clouded Leopard
9%
Golden Larch
0%
No matching quizzes found
Score Distribution
Percent of People with Each Score
Percentile by Number Answered
Your Score History
You have not taken this quiz